| 000 | 003440000a22001570004500 | ||
|---|---|---|---|
| 001 | 000219 | ||
| 003 | MACL | ||
| 040 | _aMACL | ||
| 090 |
_c219 _d219 |
||
| 100 | _aChaturvedi, M.D | ||
| 245 |
_aPanther On The Prowl _cM.D Chaturvedi |
||
| 260 |
_aNational Book Trust, _c1996 |
||
| 350 | _a35 | ||
| 650 | _aAnimal Husbandary | ||
| 942 |
_k637 _cBook |
||
| 999 |
_c49526 _d49526 |
||